| 000 | 00363pab a2200133 454500 | ||
|---|---|---|---|
| 008 | 180718b xxu||||| |||| 00| 0 eng d | ||
| 100 | _aPethe, Vasant P. | ||
| 245 | _aPopulation, poverty and social transformation: an alternative paradigm | ||
| 650 | _a Poverty | ||
| 650 | _a Population | ||
| 650 | _aPopulation - India | ||
| 773 | _aArtha Vijnana | ||
| 909 | _a23182 | ||
| 999 |
_c23182 _d23182 |
||